Kongzi yan jiu ji,
Saved in:
| Main Author: | |
|---|---|
| Format: | Book |
| Language: | Chinese |
| Published: |
Taibei,
Zhonghua cong shu bian shen wei yuan hui,
Min guo 49 [1960]
|
| Series: | Zhonghua cong shu.
|
| Subjects: | |
| Tags: |
Add Tag
No Tags, Be the first to tag this record!
|
| LEADER | 01010cam a2200277 4500 | ||
|---|---|---|---|
| 001 | 007724154-1 | ||
| 005 | 20024617104250.0 | ||
| 008 | 881213s1960 ch a 000 0 chir | ||
| 010 | |a c 62000454 /L | ||
| 035 | 0 | |a ocm18894843 | |
| 040 | |a DLC |c NNStJ |d OCoLC |d *YNH* |d CStRLIN | ||
| 050 | 0 | |a BL1851 |b .Y3 | |
| 100 | 1 | |6 880-01 |a Yang, Huazhi, |e ed. | |
| 245 | 1 | 0 | |6 880-02 |a Kongzi yan jiu ji, |c Yang Huazhi yuan bian, Zhonghua cong shu bian shen wei yuan hui gai bian. |
| 260 | |6 880-03 |a Taibei, |b Zhonghua cong shu bian shen wei yuan hui, |c Min guo 49 [1960] | ||
| 300 | |a 578 p. |b illus. |c 21 cm. | ||
| 490 | 1 | |6 880-04 |a Zhonghua cong shu | |
| 650 | 0 | |a Confucianism. | |
| 880 | 1 | |6 100-01 |a 楊化之, |e ed. | |
| 880 | 1 | 0 | |6 245-02 |a 孔子研究集, |c 楊化之原編, 中華叢書編審委員會改編. |
| 880 | |6 260-03 |a 台北, |b 中華叢書編審委員會, |c 民國49 [1960] | ||
| 880 | 1 | |6 490-04 |a 中華叢書 | |
| 830 | 0 | |6 880-54 |a Zhonghua cong shu. | |
| 880 | 0 | |6 830-54 |a 中華叢書. | |
| 988 | |a 20021127 | ||
| 906 | |0 DLC | ||


